00635cam a2200181 a 450000100100000000500170001000800410002704000250006808200180009324501150011126000510022630000210027749000260029865000370032465000260036170000380038783000280042500002501520200930023517.0901219s1968 sp 000 p spa d aDO-SdBNPbspacBNPHU a808.81bP745m00aPoesía mariana medieval :bantología /cintroducción , selección y notas de Joaquín Benito de Lucas. aMadrid, (España) :bTaurus Ediciones,c1968. a150 p. ;c18 cm.1 aTemas de Españav72 4aPoesía españolaxColecciones 4aLiteratura española1 aBenito de Lucas, Joaquíneintr. 0aTemas de España ;v72